Statistics for Random Trivia Quiz #11

Click here to take the quiz!

General Stats

  • This quiz has been taken 14 times
  • The average score is 7 of 24

Answer Stats

HintAnswer% Correct
The chemical element with atomic number 1, the lightest element in the periodic table and the most abundant chemical substance in the UniverseHydrogen
71%
A fictional time machine and spacecraft that appears in the British science fiction television series Doctor Who and its various spin-offsTARDIS
64%
Musical with music by Leonard Bernstein and lyrics by Stephen Sondheim, story is set in a multiracial, blue-collar neighborhood in New York City in the mid 1950sWest Side Story
57%
"All my troubles seemed so far away, Now it looks as though they're here to stay, Oh, I believe in ..."Yesterday
57%
The genus is "Castor", large nocturnal, semiaquatic rodent with two extant species, known for building dams, canals and lodgesBeaver
43%
Swedish actress famous for her rolls in "Intermezzo", "Casablanca", "Notorius" and "Anastasia", won three Academy Awards, a Tony Award and a BAFTA AwardIngrid Bergman
43%
Daughter of Mary Wollstonecraft and author of Frankenstein; or, The Modern Prometheus, published in 1818Mary Shelley
43%
Country in Africa with the capital Freetown and the second largest city Bo, the country is also regarded as one of the most religiously tolerant countries in the worldSierra Leone
43%
South American-city known in its native language as "Beautiful Horizon", state capital of Minas Gerais the second most populous state in the countryBelo Horizonte
36%
The American politician who served as the 38th president between Richard Nixon and Jimmy Carter, vice president was Nelson Rockefeller and born Leslie Lynch King JrGerald Ford
36%
Transnational extremist Salafist militant organization founded in 1988 by Osama bin Laden, Abdullah Azzam and several other Arab volunteers during the Soviet–Afghan WarAl-Qaeda
29%
The two rivaling families in the Wars of the Roses which also gives the name to two British countiesYork and Lancaster
29%
French movie from 2001 starring Audrey Tautou, centers around mademoiselle Poulain in Montmartre who decides to change the lives of those around her for the betterAmélie
21%
Hungarian footballer and manager who only played for Budapest Honvéd and Real Madrid, in 2009 FIFA announced the introduction to a prize in his honor for the most beautiful goal over the past yearFerenc Puskás
21%
Hungarian-American billionaire investor and philanthropist, managing his Fund Management, founding the Open Society Foundations and advising the Quantum FundGeorge Soros
21%
American politician, educator, and author, became the first black woman elected to the United States Congress and represented New York's 12th congressional district between 1969 to 1983Shirley Chisholm
21%
"I'm not a present for your friends to open, This boy's too young to be singing, the blues, So..."Goodbye Yellow Brick Road
14%
The head of the military coup d'état that took place in Greece in 1967, and leader of the junta that ruled the country to 1974, he was himself overthrown by his co-conspirator Dimitrios IoannidisGeorgios Papadopoulos
7%
A highly magnetized rotating neutron star that emits beams of electromagnetic radiation out of its magnetic polesPulsar
7%
Nigerian writer whose works range from novels to short stories to nonfiction has written the novels Purple Hibiscus (2003), Half of a Yellow Sun (2006), and Americanah (2013)Chimamanda Ngozi Adichie
0%
Aquatic diving birds in the order Podicipediformes widely distributed birds of freshwater, recent molecular studies have suggested a relation with flamingos they are a radically distinct group of birds as regards their anatomyGrebes
0%
Turkey's southernmost province located on the eastern coast of the Levantine Sea with the administrative capital AntakyaHatay Province
0%
Ain a mutualistic relationship composite organism that arises from algae or cyanobacteria living among filaments of multiple fungi speciesLichen
0%
A buttefly in the family Nymphalidae also known as the "Our Half-mourner", "The Marmoris" or "The Marmoress"Marbled White
0%

Score Distribution

Percentile by Number Answered

Percent of People with Each Score

Your Score History

You have not taken this quiz